000 00725nam a22002890a 4500
001 PT59761
003 AR-LpoUNG
005 20210131231928.0
008 191001s2015||||ag |||||||||||||||||spa d
020 _a9789873967016
_c$14
040 _aAR-LpoUNG
_bspa
_cAR-LpoUNG
_eaacr
041 _aspa
044 _aag
082 0 _a808.068 3 466no
100 1 _aAltés, Marta
245 1 0 _a¡No!
250 _a1ra. ed.
260 _aBuenos Aires :
_bCalibroscopio,
_c2015.
300 _a[30] p. :
_bil.
505 0 _aSugerido a partir de 6 años (etiqueta AMARILLA)
650 4 _aCUENTOS
650 4 _aLITERATURA
653 _aLITERATURA INFANTIL
700 1 _aZaid, Alvar
_etr.
905 _a59761
942 _cLIB
999 _c12690
_d12690